Business and technical writing / (Record no. 2198)

MARC details
000 -LEADER
fixed length control field 00629nam a22001937a 4500
005 - DATE AND TIME OF LATEST TRANSACTION
control field 20230713052448.0
008 - FIXED-LENGTH DATA ELEMENTS--GENERAL INFORMATION
fixed length control field 230713b |||||||| |||| 00| 0 eng d
020 ## - INTERNATIONAL STANDARD BOOK NUMBER
International Standard Book Number 978-971-9667-09-4
082 ## - DEWEY DECIMAL CLASSIFICATION NUMBER
Classification number Fil. 651.75 D286 2019
100 ## - MAIN ENTRY--PERSONAL NAME
Personal name De Belen, Rustico T.
Relator term author
245 ## - TITLE STATEMENT
Title Business and technical writing /
Statement of responsibility, etc. Rustico T. De Belen, Arthur Reiner V. De Belen
260 ## - PUBLICATION, DISTRIBUTION, ETC.
Place of publication, distribution, etc. Quezon City:
Name of publisher, distributor, etc. Jobal Publishing House,
Date of publication, distribution, etc. 2019
300 ## - PHYSICAL DESCRIPTION
Extent iv, 158p.
504 ## - BIBLIOGRAPHY, ETC. NOTE
Bibliography, etc. note Includes bibliographies
541 ## - IMMEDIATE SOURCE OF ACQUISITION NOTE
Accession number 7272 c.1, 7273 c.2
650 ## - SUBJECT ADDED ENTRY--TOPICAL TERM
Topical term or geographic name entry element Business letters
650 ## - SUBJECT ADDED ENTRY--TOPICAL TERM
Topical term or geographic name entry element Technical writing
700 ## - ADDED ENTRY--PERSONAL NAME
Personal name De Belen, Arthur Reiner V.
Relator term author
Holdings
Withdrawn status Lost status Source of classification or shelving scheme Damaged status Not for loan Home library Current library Date acquired Total Checkouts Full call number Barcode Date last seen Copy number Price effective from Koha item type
    Dewey Decimal Classification     ctu-moalboal ctu-moalboal 02/04/2022   Fil. 651.75 D286 2019 7272 07/13/2023 1 07/13/2023 Books-Filipiniana
    Dewey Decimal Classification     ctu-moalboal ctu-moalboal 02/04/2022   Fil. 651.75 D286 2019 7273 08/07/2025 2 07/13/2023 Books-Filipiniana